000 00681nam a2200157 i 4500
001 38255
003 ES-MaACL
005 20230906155727.0
007 t|
008 030225s1883 sp ||||1| spa d
100 1 _aMontaner y Cerutti, Vito.
_982383
245 1 0 _aCalefacción por vapor
_b: memoria relativa al proyecto del nuevo sistema de calefacción tubular por medio del vapor a domicilio, con patente de introducción expedida por el Ministerio de Fomento en 21 de febrero de 1881 /
_ca favor del concesionario Vito Montaner y Cerutti.
260 _aMadrid :
_b[s.n.],
_c1883 (
_fEst. tip. de Montegrifo y Cia.)
300 _a32 p. ;
_c20 cm.
852 _aES-MaACL
_jT-369-F-12
999 _c38255
_d38255